UEFA Champions League Teilnehmer 25/26 - Statistiken

Allgemein
  • Dieses Quiz wurde 270 mal gespielt
  • Das Durchschnittsergebnis liegt bei 29 aus 36
Antwortstatistiken
Land Verein % Korrekt
Deutschland FC Bayern München
100%
Spanien FC Barcelona
99%
England Manchester City
98%
Spanien Real Madrid
98%
England FC Liverpool
97%
Italien Inter Mailand
97%
Deutschland Bayer 04 Leverkusen
96%
Deutschland Borussuia Dortmund
96%
Frankreich FC Paris Saint-Germain
96%
England FC Arsenal
95%
Deutschland Eintracht Frankfurt
94%
Niederlande Ajax Amsterdam
93%
England FC Chelsea
93%
Italien Juventus Turin
92%
Spanien Atlético Madrid
91%
Portugal Sporting Lissabon
91%
Portugal Benfica Lissabon
90%
Frankreich Olympique Marseille
90%
Italien SSC Napoli
89%
England Tottenham Hotspur
86%
Türkei Galatasaray
85%
Niederlande PSV Eindhoven
84%
England Newcastle United
78%
Belgien Club Brügge
75%
Tschechien SK Slavia Praha
75%
Frankreich AS Monaco
71%
Italien Atalanta Bergamo
71%
Dänemark FC Kopenhagen
70%
Spanien FC Villarreal
70%
Norwegen FK Bodø/Glimt
63%
Spanien Athletic Club Bilbao
61%
Griechenland Olympiakos Piräus
61%
Zypern Pafos FC
51%
Aserbaidschan Qarabağ Ağdam
48%
Kasachstan Kairat Almaty
39%
Belgien Union Saint-Gilloise
37%
Keine übereinstimmenden Quizze gefunden
Verteilung der Resultate
Anzahl Personen mit jedem Resultat
Perzentil nach korrekt beantworteten Fragen
Ihre Resultats-Entwicklung
Sie haben dieses Quiz noch nicht gespielt